| 000 | 00461nam a22001577a 4500 | ||
|---|---|---|---|
| 020 | _qHard Cover. | ||
| 082 | _a658 | ||
| 100 | _aWajid, Aisha | ||
| 245 |
_aTRANCHULAS - SUGHAR CRM _cAisha Wajid. |
||
| 260 |
_aIslamabad : _bNBS - NUST, _c2010. |
||
| 300 |
_a56 p. : ill. ; _c30cm. |
||
| 650 |
_aManagement information systems Thesis. _924933 |
||
| 700 |
_aMr. Saad Sarwar. _924931 |
||
| 942 |
_2ddc _cTHE |
||
| 999 |
_c531833 _d531833 |
||